| 000 | 00477nam a22001817a 4500 | ||
|---|---|---|---|
| 005 | 20250415120748.0 | ||
| 008 | 250411b |||||||| |||| 00| 0 eng d | ||
| 020 | _a978-93-95116-93-0 | ||
| 041 | _aeng | ||
| 082 | _a345.0954 GAU-T | ||
| 100 |
_aGAUR, K.D AND MADHU , GAUR _98610 |
||
| 245 | _aTEXTBOOK ON THE BHARATIYA NYAYA SANHITA, 2023 | ||
| 250 | _a1ST ED., 2024 | ||
| 260 |
_aGURGAON _bLEXIS NEXIS |
||
| 300 | _a1542;P | ||
| 650 |
_aLEGAL STUDIES _98608 |
||
| 942 | _cBK | ||
| 999 |
_c8740 _d8738 |
||